|
|
|
|
| LEADER |
00713cam a2200169 7i4500 |
| 001 |
0000003107 |
| 005 |
19991025090000.0 |
| 002 |
##000004442 |
| 020 |
0 |
0 |
|a 92-9137-016-9
|
| 090 |
0 |
0 |
|a M 658.83
|b TUR
|
| 245 |
0 |
0 |
|a Turnkey plants and project engineering services :
|b a handbook for exporters from developing countries.
|
| 260 |
0 |
0 |
|a Geneva:
|b ITC,
|c 1994.
|
| 300 |
0 |
0 |
|a 135 p..
|
| 650 |
0 |
0 |
|a Consultants
|a Project Engineering Services
|a Turnkey Plants --
|x Marketing# --
|x Developing Countries# --
|x Developing Countries
|
| 999 |
|
|
|a 0000005022
|b Book
|c Open shelf
|e Business Information Centre
|
| 999 |
|
|
|a 0000004827
|b Book
|c Open shelf
|e Business Information Centre
|
| 999 |
|
|
|a 0000004826
|b Book
|c Open shelf
|e Business Information Centre
|